Statistics for Is It Food

Click here to take the quiz!

General Stats

  • This quiz has been taken 15 times
  • The average score is 19 of 26

Answer Stats

QuestionAnswer% Correct
Turtle SoupDelicacy
100%
Shark Fin SoupDelicacy
100%
Frog LegsDelicacy
100%
SnailsDelicacy
100%
GrasshoppersDelicacy
93%
Sheep's HeartDelicacy
93%
Bird's Nest SoupDelicacy
93%
Elephant FecesNot
93%
Polar Bear SteaksNot
93%
Chickens FeetDelicacy
86%
PufferfishDelicacy
86%
Tasmanian DevilNot
86%
Poison Ivy SaladNot
86%
Penguin Egg SouffléNot
79%
Fried RattlesnakeDelicacy
71%
Guinea PigDelicacy
71%
Big Horn Sheep Horn BrothNot
71%
Walrus MilkNot
71%
Fried SeahorsesNot
71%
Viper Venom TequilaNot
71%
Ibis Fried RiceNot
64%
Fried SpidersDelicacy
57%
Cobra HeartDelicacy
29%
Eucalyptus TeaNot
29%
Wasp CrackersDelicacy
21%
Tuna EyeballsDelicacy
21%

Score Distribution

Percentile by Number Answered

Percent of People with Each Score

Your Score History

You have not taken this quiz